Celkovým víťazom Tatarkovho memoriálu sa stal Čech Dušan Zajíc

Bibliographic Details
Format: Article
Language:Slovak
Subjects:

MARC

LEADER 00000nab a2200000 a 4500
001 vtls010517265
003 SK-MaSNL
005 20260304015556.0
008 180907 2013 xo e 000 0 slo
038 |a PPPK 
040 |a PPPKCL  |b slo  |c PPPK  |e AACR2 
041 0 |a slo 
044 |a xo  |c SK 
080 |a 796.525+796.926  |2 2001 
080 |a 796.92.093  |x (437.6-17)  |2 2001 
245 0 0 |a Celkovým víťazom Tatarkovho memoriálu sa stal Čech Dušan Zajíc  |c [autor] (pet) 
610 1 7 |a Horská záchranná služba (Vysoké Tatry, Slovensko)  |2 pppkcl  |9 55573 
611 2 7 |a Memoriál Vlada Tatarku  |n (12. :  |d 2013 :  |c Vysoké Tatry, Slovensko)  |2 pppkcl  |9 1296916 
648 7 |a 16.3.2013  |2 pppkcl  |9 1097442 
650 0 7 |a horskí záchranári  |2 pppkcl  |9 81479 
650 0 7 |a skialpinizmus  |2 pppkcl  |9 24168 
650 0 7 |a medzinárodné preteky  |2 pppkcl  |9 370715 
651 7 |a Vysoké Tatry (Poľsko a Slovensko : pohorie)  |2 SNKPHgeo  |9 67729 
773 0 |t Tatranský dvojtýždenník  |g Roč. XXIV, č. 6 (2013), s. 12 a 14 
852 |a PPPK  |b KIS3GCP 
999 |c 2592360  |d 2594290